| Tag |
First Indicator |
Second Indicator |
Subfields |
| LEADER |
00000nam a2200000Ia 4500 |
| 001 |
in00004266921 |
| 005 |
20200810073658.0 |
| 006 |
m g d |
| 007 |
cr bn |||a|bb| |
| 008 |
850718s1697 enk o 00| | eng d |
| 035 |
|
|
|a (OCoLC)12278167
|
| 040 |
|
|
|a EAA
|c EAA
|d m/c
|d WaOLN
|
| 037 |
|
|
|a CL0037000004
|b ProQuest Information and Learning. 300 N. Zeeb Rd., Ann Arbor, MI 48106
|
| 043 |
|
|
|a e-uk-wl
|
| 049 |
|
|
|a UMIA
|
| 100 |
0 |
|
|a Caradoc,
|c of Llancarvan,
|d d. 1147?
|
| 240 |
0 |
0 |
|a Historie of Cambria
|
| 245 |
1 |
4 |
|a The history of Wales comprehending the lives and succession of the princes of Wales, from Cadwalader the last king, to Lhewelyn the last prince of British blood :
|b with a short account of the affairs of Wales under the kings of England /
|c written originally in British, by Caradoc of Lhancarvan ; and formerly published in English by Dr. Powel ; now newly augmented and improved by W. Wynne ...
|
| 260 |
|
|
|a London :
|b Printed by M. Clark for the author, and are to be sold by R. Clavell ...,
|c 1697.
|
| 300 |
|
|
|a 1 online resource ([40], xxiii, 398, [18] pages)
|
| 336 |
|
|
|a text
|b txt
|2 rdacontent
|
| 337 |
|
|
|a computer
|b c
|2 rdamedia
|
| 338 |
|
|
|a online resource
|b cr
|2 rdacarrier
|
| 500 |
|
|
|a Advertisement: pages [18] at end.
|
| 500 |
|
|
|a Reproduction of original in British Library.
|
| 510 |
4 |
|
|a Wing
|c C488
|
| 510 |
4 |
|
|a Arber's Term cat.
|c III 38
|
| 533 |
|
|
|a Electronic reproduction.
|b Ann Arbor, Mich. :
|c UMI,
|d 1999-
|f (Early English books online)
|n Digital version of: (Early English books, 1641-1700 ; 132:5)
|7 s1999 miun s
|
| 651 |
|
0 |
|a Wales
|x History.
|
| 651 |
|
0 |
|a Wales
|x Description and travel.
|
| 651 |
|
0 |
|a Wales
|x Description and travel
|v Early works to 1800.
|
| 700 |
1 |
|
|a Powell, David,
|d 1552?-1598.
|
| 700 |
1 |
|
|a Wynne, W.
|q (William),
|d 1649 or 50-1711?
|
| 830 |
|
0 |
|a Early English books online.
|
| 856 |
4 |
0 |
|u http://proxy.library.tamu.edu/login?url=https://search.proquest.com/docview/2240969042
|z Connect to the full text of this electronic book
|t 0
|
| 999 |
f |
f |
|s 983a9543-1bf3-3d20-8860-084e25549e10
|i c7b34cbe-c7e5-3d26-8a97-ba5acc19e6f4
|t 0
|
| 952 |
f |
f |
|a Texas A&M University
|b College Station
|c Electronic Resources
|d Available Online
|t 0
|h No information provided
|
| 998 |
f |
f |
|t 0
|l Available Online
|